Diccionario enciclopédico de teología moral

Saved in:
Bibliografiske detaljer
Main Authors: Rossi, Leandro (Author), Valsecchi, Ambrogio (Author)
Format: Bog
Sprog:spansk
Udgivet: Madrid Paulinas 1978
Udgivelse:3a. ed
Fag:
Tags: Tilføj Tag
Ingen Tags, Vær først til at tagge denne postø!

MARC

LEADER 00000nam a2200000 a 4500
001 UCY9940
003 CL-VaPUC
008 950724e19780000SP |||||||||||||||||spa|d
082 0 4 |a 241.03  |b ROS  |2 21 
100 0 |a Rossi, Leandro  |e author  |9 342495 
700 0 |a Valsecchi, Ambrogio  |e author  |9 342496 
245 1 0 |a Diccionario enciclopédico de teología moral 
250 |a 3a. ed 
300 |a 1479 p 
942 |c BK 
945 |d 19950724 00:00:00  |a mfernand 
260 |a Madrid  |b Paulinas  |c 1978 
650 0 |a Teología moral   |9 256617 
650 0 |a Ética cristiana   |9 308677 
650 0 |a Cristianismo  |9 257361 
650 0 |a Diccionarios  |9 256200 
583 |a last modification  |c 19950724 00:00:00  |k Rodrigo Vera 
999 |c 236923  |d 236921 
952 |0 0  |1 0  |4 0  |6 241_030000000000000_ROS_1978  |7 0  |8 X  |9 245461  |a BIBEDU  |b BIBEDU  |d 2019-11-18  |i 1543288  |o 241.03 ROS 1978  |p 1543288  |r 2023-01-13  |w 2019-11-18  |y BK_X  |k EDU